000 00356nam a2200133Ia 4500
008 240624s9999 xx 000 0 und d
041 _aeng
082 _a364.16 OBR
100 _aO BRIEN JUSTIN
245 _aWALL STREET ON TRIAL A CORRUPTED STATE
260 _c2003
_aEngland
_bJohn Wiley and Sons
300 _axii, : 300 : p. : cm. ; 23
365 _c
_b30
999 _c16506
_d16506